000 00197 a2200097 4500
001 43402
100 _aKazim
245 _aPoetic Pearls
260 _aLahore
_bFeroz Sons
_c
090 _c27233
_d27233
942 _aNUST-CAE
_cM
_c19151
999 _c278475
_d278475